Recomendaciones del CELADE para la investigación de las características demográficas en el censo nacional de Costa Rica de 1983
Guardado en:
| Autor Corporativo: | |
|---|---|
| Formato: | Texto |
| Publicado: |
San José:
ADEC
|
| Materias: | |
| Etiquetas: |
Agregar Etiqueta
Sin Etiquetas, Sea el primero en etiquetar este registro!
|
MARC
| LEADER | 00000 a a2200000 04500 | ||
|---|---|---|---|
| 001 | 15123 | ||
| 003 | |||
| 040 | |||
| 090 | |a 022600 | ||
| 110 | |a CELADE | ||
| 245 | |a Recomendaciones del CELADE para la investigación de las características demográficas en el censo nacional de Costa Rica de 1983 | ||
| 260 | |a San José: |b ADEC | ||
| 300 | |a 19 p. | ||
| 650 | |a INDICADORES DEMOGRAFICOS | ||
| 999 | |c 15108 |d 15108 | ||
